000 00348 a2200157 4500
001 153506
020 _a8586583154
040 _cEscola São Tomás de Aquino
100 _aASSIS, Machado de
240 1 0 _aEsaú e Jacó
_lpor
245 1 0 _aEsaú e Jacó
300 _a248 p.
362 0 _a1998
697 _aLITERATURA BRASILEIRA
942 _cBK
999 _c153506
_d153506